LEADER 01601nam a2200313 i 4500 001 000000126065 003 CaOOAMICUS 005 20110718113950.0 008 110718s2009 it u000 u ita c 020 $a978-88-209-8202-7 040 $aANS$bita$dPUL 100 1 $aKapron, Marius,$cO.F.M.,$d1971 -$0(OLS)http://pul/name/80171 245 10$aAntiphonarium archivi S. Rufini. Assisi (Codex 5) :$bcomponenti testuali /$cMariusz Kapron ; presentazione di Cassian Folsom. 260 $aCittą del Vaticano :$bLibreria editrice vaticana,$c2009. 300 $axi, 611 p.[8] p. di tav.$bill., facs. $c24 cm 490 1 $aMonumenta studia instrumenta liturgica 500 $aTesto in italiano e latino 500 $aIn testa al front: Pontificium Athenaeum S.Anselmi de Urbe. Pontificium Institutum Liturgicum. 502 $aTesi per il conseguimento del Dottorato in sacra Liturgia--Pontificium Athenaeum S. Anselmi de Urbe, 2009. 504 $aBibliografia: p. 601-609 e indici. 700 1 $aFolsom, Cassian, O.S.B.,$d1955-$0(OLS)http://pul/name/80172 830 0$aMonumenta studia instrumenta liturgica ;$v52.$0(OLS)http://pul/title/67037 850 $aPUL 852 $aPUL$W1$xDP1 Tesi Pon. At. S. Anselmo$y29$m2009 B 7$j135560$qTesi$B144250$CPULBib$Z2$F144250 $82 941 1 $a16 996 $6020$a978-88-209-8202-7$9(OLS)http://pul/number/147789 996 $6245$aAntiphonarium archivi S. Rufini. Assisi (Codex 5) :$bcomponenti testuali$9(OLS)http://pul/title/159145 996 $6260$aCittą del Vaticano :$bLibreria editrice vaticana$9(OLS)http://pul/publisher/47920 LEADER 01170nam a2200301 u 4500 001 000000158804 003 CaOOAMICUS 005 20170213142755.0 008 170213s1997 it u000 u ita u 020 $a88-06-14611-4* 032 $aLibriCat 040 $aPUL$bita 082 14$a149.94 100 1 $aEco, Umberto,$d1932-2016.$0(OLS)http://pul/name/11020 245 10$aSemiotica e filosofia del linguaggio / $cUmberto Eco. 260 $aTorino :$bEinaudi,$c©1997. 300 $aXVII, 318 p. ; $c21 cm. 490 1 $aBiblioteca Einaudi ;$v12 650 4$aSemiotica$xTeorie.$0(OLS)http://pul/subject/27555 830 0$aBiblioteca Einaudi ;$v12.$0(OLS)http://pul/title/60318 850 $aPUL 852 $aPUL$W1$xSL Filosofia 3$y81$m149. 94 ECOUM 1$j182113$qDDC 21$B185298$CPULBib$Z2$F185298 $H128909 $81 941 1 $a9 996 $6020$a88-06-14611-4*$9(OLS)http://pul/number/162057 996 $6082$a149.94$9(OLS)http://pul/classification/3031 996 $6245$aSemiotica e filosofia del linguaggio / $9(OLS)http://pul/title/198407 996 $6260$aTorino :$bEinaudi$9(OLS)http://pul/publisher/48130